Đặc điểm nghệ thuật Bạch vân Quốc ngữ thi tập của Nguyễn Bỉnh Khiêm

Tìm hiểu một cách thấu đáo về con người Nguyễn Bỉnh Khiêm, những nhân tố có ảnh hưởng đến văn nghiệp của tác giả. Khai thác được những nét đặc sắc về thế giới nghệ thuật trong Bạch Vân quốc ngữ thi tập của Nguyễn Bỉnh Khiêm. Hiểu được những thông điệp, tư tưởng mà tác giả muốn nhắn gửi đến người đọc...

Szczegółowa specyfikacja

Zapisane w:
Opis bibliograficzny
1. autor: Nguyễn Thị Tính
Kolejni autorzy: Hà Ngọc Hòa TS. (Hướng dẫn)
Format: Książka
Język:Vietnamese
Wydane: Đà Nẵng Đại học Đà Nẵng 2015
Hasła przedmiotowe:
Etykiety: Dodaj etykietę
Nie ma etykietki, Dołącz pierwszą etykiete!
Thư viện lưu trữ: Mạng thư viện Đại học Đà Nẵng
LEADER 01955nam a2200373 4500
001 000023378
003 19829
005 20151204101215.0
008 151117s2015 viesd
041 |a vie 
082 1 4 |a 895.92211  |b NG-T 
100 1 |a Nguyễn Thị Tính 
245 1 |a Đặc điểm nghệ thuật Bạch vân Quốc ngữ thi tập của Nguyễn Bỉnh Khiêm  |c Nguyễn Thị Tính ; Hà Ngọc Hòa hướng dẫn.  |k Luận văn Thạc sĩ 
260 |a Đà Nẵng  |b Đại học Đà Nẵng  |c 2015 
300 |a 102 tr., phụ lục 3 tr.  |c 29 cm.  |e Tóm tắt 
500 |a Luận văn thạc sĩ Khoa học xã hội và nhân văn. Chuyên ngành: Văn học Việt Nam. Mã số: 60.22.01.21 
520 3 |a Tìm hiểu một cách thấu đáo về con người Nguyễn Bỉnh Khiêm, những nhân tố có ảnh hưởng đến văn nghiệp của tác giả. Khai thác được những nét đặc sắc về thế giới nghệ thuật trong Bạch Vân quốc ngữ thi tập của Nguyễn Bỉnh Khiêm. Hiểu được những thông điệp, tư tưởng mà tác giả muốn nhắn gửi đến người đọc. 
600 1 4 |a Nguyễn Bỉnh Khiêm  |d 1491-1585 
650 0 4 |a Thơ Việt Nam  |v Luận văn tốt nghiệp  |x Nghiên cứu  |z Việt Nam 
653 |a Thơ Việt Nam 
653 |a Văn học Việt Nam 
653 |a Nghệ thuật 
653 |a Nguyễn Bỉnh Khiêm 
700 1 |a Hà Ngọc Hòa  |c TS.  |e Hướng dẫn 
OWN |a LSP 
AVA |a UDN50  |b LSP  |d 895.92211 NG-T  |e available  |t Error 5001 Not defined in file expand_doc_bib_avail.  |f 1  |g 0  |h N  |i 0  |k 1 
999 |a From the UDN01 
AVA |a UDN50  |b LSP  |d 895.92211 NG-T  |e available  |t Error 5001 Not defined in file expand_doc_bib_avail.  |f 1  |g 0  |h N  |i 0  |k 1 
TYP |a Monograph 
TYP |a Printed language 
980 |a Mạng thư viện Đại học Đà Nẵng